|
|
|
|
| LEADER |
00000nab a2200000 ar4500 |
| 001 |
vtls008954846 |
| 003 |
SK-MaSNL |
| 005 |
20260303070331.0 |
| 008 |
070313c2007 xo mr|p|||||||000 b|slo |
| 015 |
|
|
|a SNBRB2007/03
|2 snkbucl
|
| 038 |
|
|
|a SNKBUCL
|
| 040 |
|
|
|a SNKBUCL
|b slo
|c SNKBUCL
|e AACR2
|
| 041 |
0 |
|
|a slo
|
| 044 |
|
|
|a xo
|c SK
|
| 080 |
|
|
|a 364-3
|x (437.6)
|2 2001
|
| 100 |
1 |
|
|a Pavličko, Andrej
|4 aut
|9 1067637
|
| 245 |
1 |
0 |
|a Komunikácia - záruka spokojnosti
|b Sociálna poisťovňa, pobočka Bardejov
|c Andrej Pavličko
|
| 300 |
|
|
|b Tab.
|
| 610 |
2 |
7 |
|a Sociálna poisťovňa (Slovensko). Pobočka Bardejov
|2 snkbucl
|9 38257
|
| 651 |
|
7 |
|a Bardejov (Slovensko)
|2 snkbucl
|9 20040
|
| 773 |
0 |
|
|t Národné poistenie
|g Roč. XXXIX, č. 2 (2007), s. 20
|x 1335-4795
|
| 852 |
|
|
|a SNK
|b KIS3GCP
|
| 958 |
|
|
|a SK
|
| 999 |
|
|
|c 1754915
|d 1756845
|